LEADER 01583nam 2200397Ia 450 001 996393682403316 005 20210104172002.0 035 $a(CKB)4940000000119812 035 $a(EEBO)2240869967 035 $a(OCoLC)ocn767839676e 035 $a(OCoLC)767839676 035 $a(EXLCZ)994940000000119812 100 $a20111208d1700 uy 0 101 0 $aeng 135 $aurbn||||a|bb| 200 10$aBishop Cozens's argument, proving, that adultery works a dissolution of the marriage$b[electronic resource] $ebeing the substance of several of Bishop Cozens his speeches in the House of Lords, upon the debate of Lord Ross's case : taken from original papers writ in the Bishop's own hand 210 $a[London $cs.n.$d1700] 215 $a4 p 300 $aCaption title. 300 $aPlace and date of publication suggested by Wing (2nd ed.). 300 $aImperfect: tightly bound and torn with slight loss of text. 300 $aReproduction of original in: Queen's College (University of Oxford). Library. 330 $aeebo-0119 606 $aAdultery$zEngland$vEarly works to 1800 606 $aImpediments to marriage$zEngland$vEarly works to 1800 615 0$aAdultery 615 0$aImpediments to marriage 700 $aCosin$b John$f1594-1672.$01004126 712 02$aEngland and Wales.$bParliament.$bHouse of Lords. 801 0$bUMI 801 1$bUMI 801 2$bUMI 906 $aBOOK 912 $a996393682403316 996 $aBishop Cozens's argument, proving, that adultery works a dissolution of the marriage$92381906 997 $aUNISA LEADER 03700nam 22005655 450 001 9910253952303321 005 20200703072627.0 010 $a3-319-46904-5 024 7 $a10.1007/978-3-319-46904-1 035 $a(CKB)4100000000587432 035 $a(DE-He213)978-3-319-46904-1 035 $a(MiAaPQ)EBC5024032 035 $a(PPN)204535697 035 $a(EXLCZ)994100000000587432 100 $a20170905d2017 u| 0 101 0 $aeng 135 $aurnn|008mamaa 181 $ctxt$2rdacontent 182 $cc$2rdamedia 183 $acr$2rdacarrier 200 10$aBody MDCT in Small Animals $eBasic Principles, Technology, and Clinical Applications /$fedited by Giovanna Bertolini 205 $a1st ed. 2017. 210 1$aCham :$cSpringer International Publishing :$cImprint: Springer,$d2017. 215 $a1 online resource (XV, 453 p. 496 illus., 178 illus. in color.) 311 $a3-319-46902-9 320 $aIncludes bibliographical references and index. 327 $a1 MDCT BASIC PRINCIPLES -- 2 MDCT OF THE THORAX -- MDCT thoracic anatomy -- Larynx, trachea and bronchi -- The lung patterns -- The mediastinum (excluding the heart) and pleura -- The thoracic wall -- 3 MDCT OF THE ABDOMEN -- MDCT anatomy of the abdomen -- The liver -- The pancreas -- The gastrointestinal tract -- The urinary tract -- The peritoneum and abdominal wall -- nodes and small glands -- 4 MDCT OF VASCULAR ANOMALIES -- MDCT vascular anatomy -- Congenital and acquired anomalies of the arterial system -- Congenital and acquired anomalies of the venous system -- Congenital and acquired anomalies of the portal system. 330 $aThis book is an up-to-date, technically detailed yet easy-to-read reference book on current clinical applications of MDCT in small animals. It has been designed to serve as the reference book for all MDCT-users, such as veterinary radiologists, imaging technicians, oncologists, surgeons, and non-radiologist clinicians. Individual chapters on novel clinically important topics include applications in endocrinology, oncology, trauma, and cardiovascular CT, as well as sections on organ-specific pathologies and their CT characteristics. The book will also cover main domains of CT, such as thorax and the trauma imaging. Anatomy, clinical aspects, pathology, and CT signs are integrated to provide the reader with the basis for interpretation of MDCT findings. Many excellent 2D multiplanar and 3D figures illustrating typical CT findings of various conditions will serve as a clinical reference for the reader. 606 $aAnatomy 606 $aVeterinary medicine 606 $aRadiology 606 $aBiology?Technique 606 $aAnimal Anatomy / Morphology / Histology$3https://scigraph.springernature.com/ontologies/product-market-codes/L25015 606 $aVeterinary Medicine/Veterinary Science$3https://scigraph.springernature.com/ontologies/product-market-codes/H67000 606 $aDiagnostic Radiology$3https://scigraph.springernature.com/ontologies/product-market-codes/H29013 606 $aBiological Techniques$3https://scigraph.springernature.com/ontologies/product-market-codes/L28000 615 0$aAnatomy. 615 0$aVeterinary medicine. 615 0$aRadiology. 615 0$aBiology?Technique. 615 14$aAnimal Anatomy / Morphology / Histology. 615 24$aVeterinary Medicine/Veterinary Science. 615 24$aDiagnostic Radiology. 615 24$aBiological Techniques. 676 $a571.31 702 $aBertolini$b Giovanna$4edt$4http://id.loc.gov/vocabulary/relators/edt 906 $aBOOK 912 $a9910253952303321 996 $aBody MDCT in Small Animals$92110414 997 $aUNINA